[Event "Open de Fenain 2009"]
[Site "?"]
[Date "2009.02.21"]
[Round "3.10"]
[White "Deveque, Guillaume"]
[Black "Benoit, Guy"]
[Result "1-0"]
[WhiteElo "1870"]
[BlackElo "1650"]
[PlyCount "133"]
[EventDate "2009.02.26"]
[SourceDate "2009.03.19"]

1. e4 e5 2. Nf3 Nc6 3. d4 exd4 4. Bc4 Be7 5. Nxd4 Ne5 6. Bb3 d6 7. O-O Nf6 8.
Nc3 Bg4 9. f3 Bh5 10. Nf5 O-O 11. Be3 c6 12. Qe1 Qc7 13. Ne2 Bg6 14. g4 Rae8
15. Rd1 Nxe4 16. fxe4 Nxg4 17. Neg3 Bf6 18. Bf4 Qb6+ 19. Be3 Nxe3 20. Qxe3
Qxe3+ 21. Nxe3 d5 22. Ng4 Bxb2 23. exd5 h5 24. Nf2 h4 25. Ngh1 Bh5 26. Rde1 Bc3
27. Re4 Rxe4 28. Nxe4 Bd4+ 29. Kg2 cxd5 30. Bxd5 Kh8 31. Rf4 g5 32. Nxg5 Rg8
33. Rxd4 Rxg5+ 34. Kh3 b6 35. Kxh4 Re5 36. Ng3 Bg6 37. Be4 Bxe4 38. Rxe4 Rc5
39. Re2 Ra5 40. c3 Rc5 41. Rc2 b5 42. Kg4 a5 43. Kf4 b4 44. Ne4 Rc4 45. Ke5 a4
46. Rg2 bxc3 47. Rc2 Kg7 48. Rxc3 Rb4 49. Rg3+ Kh6 50. Nc3 a3 51. Kd5 Rb2 52.
h3 f5 53. Re3 f4 54. Rf3 Rh2 55. Ke5 Kg5 56. Kd4 Rg2 57. Kc4 Rg3 58. Rxg3+ fxg3
59. Ne4+ Kh4 60. Nxg3 Kxg3 61. Kb4 Kxh3 62. Kxa3 Kg4 63. Kb4 Kf5 64. Kb5 Ke6
65. Kb6 Kd7 66. Kb7 Kd6 67. a4 1-0

[Event "Open de Fenain 2009"]
[Site "?"]
[Date "2009.02.23"]
[Round "4.1"]
[White "Degraeve, Jean Marc"]
[Black "Lebret, Jean Michel"]
[Result "1-0"]
[WhiteElo "2553"]
[BlackElo "2167"]
[PlyCount "57"]
[EventDate "2009.02.26"]
[SourceDate "2009.03.18"]

1. e4 c5 2. Nf3 d6 3. Bc4 Nc6 4. O-O Nf6 5. Re1 e6 6. Bb3 Be7 7. c3 O-O 8. d4
Qc7 9. dxc5 dxc5 10. e5 Rd8 11. Qe2 Nd7 12. Bf4 b6 13. Nbd2 Bb7 14. h4 Na5 15.
Bc2 Nf8 16. h5 Rd7 17. Nf1 Rad8 18. N3h2 Qc8 19. Qg4 c4 20. Bh6 g6 21. Bg5 Qc5
22. Bxe7 Qxe7 23. Qg3 f5 24. exf6 Qxf6 25. Ng4 Qg7 26. hxg6 hxg6 27. Qh4 g5 28.
Qh5 Qh8 29. Nh6+ 1-0

[Event "Open de Fenain 2009"]
[Site "?"]
[Date "2009.02.23"]
[Round "4.2"]
[White "Platel, Alexandre"]
[Black "Simon, Olivier"]
[Result "0-1"]
[WhiteElo "2205"]
[BlackElo "2364"]
[PlyCount "74"]
[EventDate "2009.02.26"]
[SourceDate "2009.03.18"]

1. e4 c5 2. Nf3 g6 3. c3 Bg7 4. d4 cxd4 5. cxd4 d5 6. e5 Bg4 7. Bb5+ Nc6 8. Nc3
Nh6 9. Qa4 O-O 10. Nd2 Bd7 11. O-O a6 12. Bxc6 Bxc6 13. Qd1 Nf5 14. Nf3 Qb6 15.
a4 f6 16. Ne2 fxe5 17. a5 Qc7 18. dxe5 Bxe5 19. Nxe5 Qxe5 20. Nf4 Qd6 21. b3
Rfe8 22. Re1 e5 23. Ba3 Qd7 24. Nd3 Qc7 25. Bc5 d4 26. Qg4 e4 27. Nf4 Qf7 28.
Rad1 Rad8 29. Bb6 Rd7 30. Qg5 Qe7 31. Qg4 Qg7 32. h4 e3 33. f3 Nh6 34. Qh3 Qf6
35. Nd3 Nf5 36. Nb4 Bb5 37. Qg4 d3 0-1

[Event "Open de Fenain 2009"]
[Site "?"]
[Date "2009.02.23"]
[Round "4.3"]
[White "Bakalarz, Mietek"]
[Black "Prost, Eric"]
[Result "1-0"]
[WhiteElo "2326"]
[BlackElo "1499"]
[PlyCount "59"]
[EventDate "2009.02.26"]
[SourceDate "2009.03.18"]

1. e4 e6 2. d4 d5 3. Nc3 Bb4 4. exd5 exd5 5. Bd3 Be6 6. a3 Be7 7. Nge2 Nf6 8.
Nf4 Qd7 9. Nxe6 Qxe6+ 10. Ne2 Nbd7 11. O-O O-O-O 12. Ng3 Bd6 13. Nf5 Ne4 14.
Nxd6+ Nxd6 15. Re1 Qf6 16. Qg4 h6 17. c3 Rhe8 18. Bf4 g5 19. Be5 Qe7 20. Re3
Qf8 21. Rae1 Ne4 22. Bxe4 dxe4 23. Bf6 Kb8 24. Bxd8 f5 25. Qh3 Rxd8 26. f3 Qf7
27. fxe4 fxe4 28. Rxe4 Rf8 29. Qf5 b6 30. Re8+ 1-0

[Event "Open de Fenain 2009"]
[Site "?"]
[Date "2009.02.23"]
[Round "4.4"]
[White "Bossut, Louis"]
[Black "Soyez, Cyril"]
[Result "0-1"]
[WhiteElo "1340"]
[BlackElo "2238"]
[PlyCount "56"]
[EventDate "2009.02.26"]
[SourceDate "2009.03.18"]

1. e4 c5 2. Nf3 Nc6 3. d4 cxd4 4. Nxd4 g6 5. Nxc6 bxc6 6. c4 Bg7 7. Qc2 Nf6 8.
Nc3 O-O 9. Bf4 Qa5 10. Bd3 d5 11. O-O d4 12. Ne2 c5 13. Bg5 h6 14. Bh4 e5 15.
a3 Rb8 16. Bg3 Nh5 17. f4 Nxg3 18. Nxg3 exf4 19. Rxf4 Be5 20. Rff1 Qc7 21. Rf2
Be6 22. Qd2 Kg7 23. Qe1 Rb6 24. Bb1 Rfb8 25. Ne2 Rxb2 26. g3 Bxc4 27. Kf1 d3
28. Bxd3 Bxd3 0-1

[Event "Open de Fenain 2009"]
[Site "?"]
[Date "2009.02.22"]
[Round "4.5"]
[White "Lenaerts, Lennert"]
[Black "Fell, Fabian"]
[Result "0-1"]
[WhiteElo "1582"]
[BlackElo "1331"]
[PlyCount "92"]
[EventDate "2009.02.26"]
[SourceDate "2009.03.18"]

1. d4 d5 2. Nf3 Nc6 3. e3 Bf5 4. Nh4 e6 5. Nxf5 exf5 6. Bd3 Qd7 7. a3 Nf6 8.
O-O Bd6 9. Qf3 Ne7 10. Nd2 O-O-O 11. c4 c6 12. cxd5 cxd5 13. b4 Kb8 14. Nb3 Rc8
15. Nc5 Bxc5 16. bxc5 g5 17. Qg3+ Ka8 18. Qxg5 Ne4 19. Qh5 Qe6 20. Qe2 Rhg8 21.
f3 Nf6 22. Bd2 Rg7 23. a4 Rcg8 24. Rf2 h5 25. a5 a6 26. Rb1 Nd7 27. f4 h4 28.
Rb2 h3 29. g3 Rg4 30. Kf1 Qg6 31. Rf3 Nc8 32. Rc2 Ne7 33. c6 Nxc6 34. Bxa6 bxa6
35. Qxa6+ Na7 36. Qd3 Rc8 37. Rb2 Qe6 38. Kf2 Rgg8 39. Qf1 Rh8 40. Qa1 Qa6 41.
Qa2 Qc4 42. Qa3 Rb8 43. Rxb8+ Rxb8 44. Qd6 Qd3 45. Bb4 Qc2+ 46. Kg1 Qg2# 0-1

[Event "Open de Fenain 2009"]
[Site "?"]
[Date "2009.02.23"]
[Round "4.6"]
[White "Chevance, Gérard"]
[Black "Van De Wynkele, Eric"]
[Result "0-1"]
[WhiteElo "1679"]
[BlackElo "2111"]
[PlyCount "71"]
[EventDate "2009.02.26"]
[SourceDate "2009.03.18"]

1. d4 f5 2. Nf3 Nf6 3. g3 g6 4. Bg2 Bg7 5. b3 d6 6. Bb2 O-O 7. O-O Qe8 8. Nbd2
c6 9. c4 Na6 10. Re1 Ne4 11. a3 Nc7 12. Qc2 Nxd2 13. Qxd2 h6 14. e4 Qf7 15. e5
d5 16. Rac1 g5 17. h3 Be6 18. c5 Qe8 19. Re2 Bf7 20. Nh2 Ne6 21. f4 Kh7 22. Rf1
Bg6 23. Ref2 Rg8 24. Kh1 Qf7 25. Nf3 gxf4 26. gxf4 Raf8 27. Nh4 Bh5 28. Qe3 Bh8
29. Rg1 Qg7 30. Qd3 Qg3 31. Qxg3 Rxg3 32. b4 Rb3 33. Bf1 Nxf4 34. Rxf4 Rxb2 35.
Rxf5 Rxf5 36. Nxf5 0-1

[Event "Open de Fenain 2009"]
[Site "?"]
[Date "2009.02.23"]
[Round "4.7"]
[White "Urbaniak, Patrick"]
[Black "Laufer, Maurice"]
[Result "1-0"]
[WhiteElo "1987"]
[BlackElo "1529"]
[PlyCount "98"]
[EventDate "2009.02.26"]
[SourceDate "2009.03.18"]

1. c4 f5 2. Nc3 Nf6 3. Nf3 e6 4. d4 c6 5. e3 d5 6. c5 b6 7. b4 Be7 8. Be2 O-O
9. O-O Ne4 10. Bb2 Qc7 11. Rc1 b5 12. a4 a6 13. axb5 axb5 14. Ne5 Nd7 15. f4
Rf6 16. Nxe4 fxe4 17. Ra1 Bb7 18. Rxa8+ Bxa8 19. Qa1 Rf8 20. Bg4 Nxe5 21. Bxe6+
Nf7 22. g4 Kh8 23. Bxf7 Rxf7 24. Qxa8+ Rf8 25. Qa1 h6 26. Bc3 Kh7 27. Be1 Qc8
28. h3 h5 29. Qd1 h4 30. Qe2 Rg8 31. g5 g6 32. Qg4 Qxg4+ 33. hxg4 Ra8 34. Bxh4
Ra3 35. Kf2 Rb3 36. f5 Rxb4 37. f6 Bf8 38. Kg3 Rb3 39. Kf4 b4 40. Bf2 Rb2 41.
Ke5 b3 42. Ke6 Ra2 43. Kf7 Ra7+ 44. Kxf8 Ra8+ 45. Kf7 Ra7+ 46. Ke6 b2 47. Rh1+
Kg8 48. Bg3 Ra1 49. f7+ Kg7 1-0

[Event "Open de Fenain 2009"]
[Site "?"]
[Date "2009.02.23"]
[Round "4.8"]
[White "Chopin, Christian"]
[Black "Kocur, Marc"]
[Result "0-1"]
[WhiteElo "1560"]
[BlackElo "1913"]
[PlyCount "76"]
[EventDate "2009.02.26"]
[SourceDate "2009.03.18"]

1. e4 e6 2. d4 d5 3. e5 c5 4. c3 Nc6 5. Nf3 Qb6 6. Bd3 Nh6 7. O-O Be7 8. Qe2
cxd4 9. cxd4 Nf5 10. Be3 Nxe3 11. fxe3 Bd7 12. a3 Rc8 13. Nc3 Na5 14. Rac1 Nc4
15. e4 Nxe5 16. Nxe5 Qxd4+ 17. Kh1 Qxe5 18. exd5 Qxe2 19. Bxe2 Bf6 20. dxe6
Bxe6 21. Bb5+ Ke7 22. Na4 Rxc1 23. Rxc1 Rc8 24. Rxc8 Bxc8 25. b4 Bd4 26. Nc5
Bxc5 27. bxc5 Bd7 28. Bc4 Be6 29. Bb5 Bd5 30. Kg1 Ke6 31. Kf2 Ke5 32. g3 Kd4
33. a4 Bc6 34. Bxc6 bxc6 35. Ke2 Kxc5 36. Kd3 Kb4 37. Kd4 c5+ 38. Kd3 Kb3 0-1

[Event "Open de Fenain 2009"]
[Site "?"]
[Date "2009.02.23"]
[Round "4.9"]
[White "Lechelle, William"]
[Black "Pataki, Zemplen"]
[Result "1-0"]
[WhiteElo "1913"]
[BlackElo "1634"]
[PlyCount "73"]
[EventDate "2009.02.26"]
[SourceDate "2009.03.18"]

1. b3 Nf6 2. c4 e6 3. Bb2 b6 4. d3 Bb7 5. e4 d6 6. f4 c5 7. Be2 Nc6 8. Nf3 Be7
9. O-O O-O 10. h3 Nd7 11. Nc3 Bf6 12. Nh2 Nd4 13. g4 a6 14. Bf3 Nb8 15. g5 Be7
16. h4 g6 17. Ng4 Nd7 18. Ne2 e5 19. Bg2 f6 20. Nxd4 cxd4 21. Qe2 Kg7 22. Rf2
fxg5 23. hxg5 Rxf4 24. Rxf4 exf4 25. Bxd4+ Kf8 26. Qf2 Bxg5 27. Rd1 h5 28. Nh2
Bh6 29. Nf3 g5 30. e5 g4 31. Nd2 f3 32. e6 Nc5 33. Nxf3 gxf3 34. Bxf3 Qg5+ 35.
Bg2+ Ke7 36. Qf7+ Kd8 37. Bf6+ 1-0

[Event "Open de Fenain 2009"]
[Site "?"]
[Date "2009.02.23"]
[Round "4.10"]
[White "Barbry, Quentin"]
[Black "Bajraktari, Sadik"]
[Result "0-1"]
[WhiteElo "1544"]
[BlackElo "1902"]
[PlyCount "68"]
[EventDate "2009.02.26"]
[SourceDate "2009.03.18"]

1. e4 d5 2. exd5 Nf6 3. Bb5+ Bd7 4. Be2 Nxd5 5. d4 e6 6. Nf3 Be7 7. O-O O-O 8.
c4 Nf6 9. Nc3 c6 10. Qd3 Na6 11. Ne4 Nxe4 12. Qxe4 f5 13. Qd3 Bd6 14. c5 Be7
15. Qb3 b5 16. cxb6 axb6 17. Bc4 Nc7 18. Bf4 Nd5 19. Bxd5 exd5 20. Ne5 b5 21.
Rac1 Rc8 22. Rc2 Rf6 23. Rfc1 Re6 24. Qh3 g6 25. Rc3 Be8 26. Qh6 Bf8 27. Qh3
Bg7 28. Ra3 c5 29. Rac3 c4 30. Nf3 Qe7 31. Re3 Rxe3 32. fxe3 h5 33. Qg3 Qe4 34.
Be5 Qxe3+ 0-1

[Event "Open de Fenain 2009"]
[Site "?"]
[Date "2009.02.23"]
[Round "5.1"]
[White "Soyez, Cyril"]
[Black "Degraeve, Jean Marc"]
[Result "0-1"]
[WhiteElo "2238"]
[BlackElo "2553"]
[PlyCount "106"]
[EventDate "2009.02.26"]
[SourceDate "2009.03.13"]

1. c4 e5 2. g3 Nf6 3. Bg2 c6 4. Nc3 d5 5. cxd5 cxd5 6. Qb3 Be6 7. Qxb7 Nbd7 8.
Nb5 Rc8 9. Nf3 Be7 10. O-O O-O 11. d4 e4 12. Ne5 Nxe5 13. dxe5 Ng4 14. Nd4 Rc7
15. Nxe6 fxe6 16. Qa6 Qd7 17. Bh3 Rc6 18. Qa5 Nxe5 19. Be3 a6 20. b3 Rb8 21.
Rac1 Rb5 22. Qa4 Kf7 23. Rxc6 Qxc6 24. Rc1 Qb7 25. Qd4 Bf6 26. Qa7 Qxa7 27.
Bxa7 Rb7 28. Bd4 Rd7 29. Rc8 g5 30. Ra8 g4 31. Bf1 Nc6 32. Bxf6 Kxf6 33. Rxa6
Ne5 34. h3 h5 35. hxg4 hxg4 36. Ra8 d4 37. Rf8+ Ke7 38. Rh8 d3 39. Rh7+ Nf7 40.
exd3 exd3 41. a4 d2 42. Be2 d1=Q+ 43. Bxd1 Rxd1+ 44. Kg2 Kf6 45. Rh1 Rxh1 46.
Kxh1 Ke5 47. Kg2 Ke4 48. a5 Nd6 49. a6 Nb5 50. b4 e5 51. Kf1 Kd3 52. f4 gxf3
53. Kf2 e4 0-1

[Event "Open de Fenain 2009"]
[Site "?"]
[Date "2009.02.23"]
[Round "5.2"]
[White "Simon, Olivier"]
[Black "Bakalarz, Mietek"]
[Result "1/2-1/2"]
[WhiteElo "2364"]
[BlackElo "2326"]
[PlyCount "65"]
[EventDate "2009.02.26"]
[SourceDate "2009.03.13"]

1. e4 e5 2. Nf3 Nf6 3. Nxe5 d6 4. Nf3 Nxe4 5. Nc3 Nf6 6. d4 Be7 7. h3 c6 8. Bd3
Na6 9. a3 Nc7 10. Bf4 Ncd5 11. Bh2 Nxc3 12. bxc3 O-O 13. O-O Qa5 14. c4 Re8 15.
Re1 Bf5 16. Qb1 Bxd3 17. cxd3 b6 18. Qb4 Qxb4 19. axb4 a5 20. Ra4 Ra7 21. Rea1
Rea8 22. Nd2 Ne8 23. Bf4 Bd8 24. R4a2 a4 25. Ne4 d5 26. Nc3 Bf6 27. Be5 Bxe5
28. dxe5 dxc4 29. dxc4 a3 30. Rd1 Re7 31. f4 f6 32. b5 cxb5 33. Nxb5 1/2-1/2

[Event "Open de Fenain 2009"]
[Site "?"]
[Date "2009.02.23"]
[Round "5.3"]
[White "Fell, Fabian"]
[Black "Platel, Alexandre"]
[Result "1-0"]
[WhiteElo "1331"]
[BlackElo "2205"]
[PlyCount "121"]
[EventDate "2009.02.26"]
[SourceDate "2009.03.17"]

1. e4 c5 2. d4 cxd4 3. c3 d3 4. Bxd3 e6 5. Nf3 a6 6. Bf4 Nc6 7. O-O d6 8. Bc4
Qc7 9. Qe2 Nf6 10. Rd1 Be7 11. e5 Nh5 12. exd6 Nxf4 13. dxc7 Nxe2+ 14. Bxe2 Bd7
15. Nbd2 Rc8 16. Ne4 Rxc7 17. Nd6+ Bxd6 18. Rxd6 Ke7 19. Rad1 f6 20. a4 e5 21.
R6d2 Be6 22. Bd3 Na5 23. Be4 Nb3 24. Re2 Nc5 25. Bc2 Bg4 26. h3 Bd7 27. a5 Ne6
28. Bb3 Nf4 29. Red2 Bc6 30. Rd6 Bxf3 31. gxf3 Nxh3+ 32. Kh2 Nf4 33. R6d2 h5
34. Kg3 h4+ 35. Kh2 g6 36. Kh1 Re8 37. Ba4 Rec8 38. Rd7+ Ke6 39. R7d6+ Kf7 40.
Rd7+ Ke6 41. R7d6+ Kf7 42. Rd7+ Rxd7 43. Rxd7+ Ke6 44. Rxb7 Rd8 45. Rb6+ Rd6
46. Bb3+ Kd7 47. Rb7+ Kc6 48. Ra7 Kc5 49. Rc7+ Rc6 50. Rxc6+ Kxc6 51. Bc4 Kb7
52. Bf1 g5 53. b4 Nd5 54. b5 axb5 55. Bxb5 Nxc3 56. Bd3 Na4 57. Kh2 Nc5 58. Bf1
Nb3 59. a6+ Kb6 60. Kh3 Nd2 61. Be2 1-0

[Event "Open de Fenain 2009"]
[Site "?"]
[Date "2009.02.23"]
[Round "5.4"]
[White "Lebret, Jean Michel"]
[Black "Fabre, Laurent"]
[Result "1-0"]
[WhiteElo "2167"]
[BlackElo "1800"]
[PlyCount "119"]
[EventDate "2009.02.26"]
[SourceDate "2009.03.17"]

1. e4 e5 2. Nf3 Nc6 3. Bb5 a6 4. Ba4 Nf6 5. O-O Be7 6. Re1 b5 7. Bb3 d6 8. h3
O-O 9. c3 Na5 10. Bc2 c5 11. d4 Qc7 12. Nbd2 Bd7 13. d5 b4 14. c4 Nb7 15. Nf1
a5 16. Ng3 a4 17. Bd3 Na5 18. Nh2 b3 19. a3 Qc8 20. Bd2 Qa6 21. Rc1 Rfe8 22. f4
Bd8 23. Nf3 Nb7 24. Nh1 Ba5 25. fxe5 dxe5 26. Rf1 Bxd2 27. Nxd2 Nd6 28. g4 h6
29. Qf3 Qc8 30. Ng3 Nh7 31. Nf5 Ng5 32. Qg3 Bxf5 33. exf5 f6 34. Rce1 Ra7 35.
h4 Ngf7 36. Be4 Qd8 37. Re2 Kf8 38. Qd3 Kg8 39. Rg2 Kf8 40. Kf2 Qc8 41. Ke2 Qa6
42. Rc1 Rae7 43. Qh3 Ra7 44. Kd3 Ke7 45. Qe3 Qc8 46. Rf1 Kd7 47. g5 Ke7 48.
gxf6+ gxf6 49. Rg7 Rh8 50. Qh3 Rg8 51. Rfg1 Rxg7 52. Rxg7 Qh8 53. Qg4 Ra8 54.
Qg6 Rf8 55. Bf3 Ne8 56. d6+ Nexd6 57. Bd5 h5 58. Ne4 Nxf5 59. Qxf6+ Ke8 60.
Bxf7+ 1-0

[Event "Open de Fenain 2009"]
[Site "?"]
[Date "2009.02.23"]
[Round "5.5"]
[White "Van De Wynkele, Eric"]
[Black "Brobecker, Alain"]
[Result "1-0"]
[WhiteElo "2111"]
[BlackElo "1773"]
[PlyCount "29"]
[EventDate "2009.02.26"]
[SourceDate "2009.03.17"]

1. e4 d6 2. d4 Nf6 3. Nc3 g6 4. Nf3 Bg7 5. h3 c6 6. a4 a5 7. Be3 Na6 8. Be2 Bd7
9. Nd2 e5 10. Nc4 Qe7 11. dxe5 dxe5 12. Nd6+ Kf8 13. Nxb7 Bxh3 14. Bxa6 Bxg2
15. Bc5 1-0

[Event "Open de Fenain 2009"]
[Site "?"]
[Date "2009.02.23"]
[Round "5.6"]
[White "Reenaers, Johan"]
[Black "Urbaniak, Patrick"]
[Result "0-1"]
[WhiteElo "1776"]
[BlackElo "1987"]
[PlyCount "42"]
[EventDate "2009.02.26"]
[SourceDate "2009.03.17"]

1. e4 c5 2. f4 d6 3. Nf3 e6 4. d3 Nc6 5. c3 Be7 6. Be3 Nf6 7. Be2 O-O 8. O-O
Qc7 9. Nbd2 Ng4 10. Bf2 b5 11. a3 Bb7 12. Qc1 Nxf2 13. Rxf2 Rac8 14. Rf1 a5 15.
d4 cxd4 16. cxd4 Qb6 17. Qc3 Bf6 18. Qb3 Nxd4 19. Nxd4 Qxd4+ 20. Rf2 Qxd2 21.
Bxb5 Bd4 0-1

[Event "Open de Fenain 2009"]
[Site "?"]
[Date "2009.02.23"]
[Round "5.7"]
[White "Kocur, Marc"]
[Black "Pulliat, Jean Luc"]
[Result "1-0"]
[WhiteElo "1913"]
[BlackElo "1440"]
[PlyCount "58"]
[EventDate "2009.02.26"]
[SourceDate "2009.03.17"]

1. e4 b6 2. d4 Bb7 3. Nc3 e6 4. g3 a6 5. Nf3 c5 6. Bg5 Be7 7. Bxe7 Qxe7 8. Be2
d6 9. O-O cxd4 10. Qxd4 e5 11. Qxb6 Nf6 12. Rfd1 Bxe4 13. Nxe4 Nxe4 14. Bxa6
O-O 15. Qb7 Ra7 16. Qxe7 Rxe7 17. Bb5 Rd8 18. c4 Rc7 19. Nxe5 Rcc8 20. Ng4 f6
21. Rd4 Nc5 22. Rad1 Nb7 23. Ne3 Kf7 24. Nf5 Ke6 25. Nxg7+ Kf7 26. Nf5 Ke6 27.
Rd5 Na5 28. Re1+ Kf7 29. Rxd6 Rc7 1-0

[Event "Open de Fenain 2009"]
[Site "?"]
[Date "2009.02.23"]
[Round "5.8"]
[White "Jimenez, Martin"]
[Black "Lechelle, william"]
[Result "0-1"]
[WhiteElo "1744"]
[BlackElo "1913"]
[PlyCount "58"]
[EventDate "2009.02.26"]
[SourceDate "2009.03.17"]

1. d4 Nf6 2. Nf3 g6 3. c4 Bg7 4. Nc3 d5 5. Bg5 Ne4 6. Bd2 Nxd2 7. Qxd2 c6 8. e3
O-O 9. Be2 b6 10. cxd5 cxd5 11. O-O Bb7 12. Ne5 Nd7 13. Nxd7 Qxd7 14. f4 Kh8
15. g4 f6 16. f5 gxf5 17. gxf5 Rg8 18. Bd3 e5 19. Bb5 Qf7 20. Kh1 Qh5 21. Bd7
Bh6 22. Be6 exd4 23. Qxd4 Bxe3 24. Qxf6+ Rg7 25. Bxd5 Bxd5+ 26. Nxd5 Qg4 27.
Nf4 Bxf4 28. Rf2 Be3 29. Qc6 Rag8 0-1

[Event "Open de Fenain 2009"]
[Site "?"]
[Date "2009.02.23"]
[Round "5.9"]
[White "Bajraktari, Sadik"]
[Black "Regniez, Jérémy"]
[Result "0-1"]
[WhiteElo "1902"]
[BlackElo "1740"]
[PlyCount "129"]
[EventDate "2009.02.26"]
[SourceDate "2009.03.17"]

1. d4 b5 2. e4 Bb7 3. Bxb5 Bxe4 4. Nf3 e6 5. Nbd2 Bb7 6. O-O Nf6 7. Bd3 c5 8.
c3 Be7 9. Re1 O-O 10. h3 Nc6 11. Ne4 cxd4 12. cxd4 d5 13. Nxf6+ Bxf6 14. a3
Nxd4 15. Nxd4 Bxd4 16. Bxh7+ Kxh7 17. Qxd4 Re8 18. Re5 f6 19. Rh5+ Kg8 20. Qg4
Re7 21. Bh6 Rc8 22. Re1 Rc4 23. f4 Qb6+ 24. Kh2 Kf8 25. Qg6 gxh6 26. Rxh6 Rf7
27. Rh8+ Ke7 28. Rh7 Rxh7 29. Qxh7+ Kd6 30. Qf7 Bc8 31. Qf8+ Kd7 32. Qxf6 Qd6
33. Kg3 Kc6 34. Re3 Qc5 35. Rc3 Rxc3+ 36. Qxc3 Qxc3+ 37. bxc3 Kd6 38. Kf3 Ba6
39. g4 Bd3 40. Ke3 Be4 41. Kd4 Bg2 42. h4 Bh3 43. g5 Bg4 44. g6 Ke7 45. Ke5 a5
46. a4 Bd1 47. f5 exf5 48. Kxf5 Bxa4 49. h5 Be8 50. h6 Kf8 51. Kf6 Bxg6 52.
Kxg6 Kg8 53. Kf6 a4 54. Ke5 a3 55. Kxd5 a2 56. h7+ Kxh7 57. c4 a1=Q 58. c5 Kg7
59. c6 Kf7 60. c7 Qa8+ 61. Kd6 Qc8 62. Kc6 Ke7 63. Kb6 Kd7 64. Ka7 Qxc7+ 65.
Ka8 0-1

[Event "Open de Fenain 2009"]
[Site "?"]
[Date "2009.02.23"]
[Round "5.10"]
[White "Fersi, Sofiane"]
[Black "Trannoy, Arthur"]
[Result "1/2-1/2"]
[WhiteElo "1725"]
[BlackElo "1873"]
[PlyCount "24"]
[EventDate "2009.02.26"]
[SourceDate "2009.03.17"]

1. e4 c5 2. Nc3 g6 3. d3 Bg7 4. Be3 d6 5. Qd2 Nc6 6. O-O-O Rb8 7. Nf3 b5 8. d4
c4 9. d5 b4 10. dxc6 bxc3 11. bxc3 Qa5 12. Bxc4 Qa3# 1/2-1/2

[Event "Open de Fenain 2009"]
[Site "?"]
[Date "2009.02.24"]
[Round "6.1"]
[White "Degraeve, Jean Marc"]
[Black "Simon, Olivier"]
[Result "1/2-1/2"]
[WhiteElo "2553"]
[BlackElo "2364"]
[PlyCount "80"]
[EventDate "2009.02.26"]
[SourceDate "2009.03.09"]

1. e4 c5 2. Nf3 g6 3. d4 cxd4 4. Qxd4 Nf6 5. e5 Nc6 6. Qa4 Nd5 7. Qe4 Nb6 8.
Nc3 d5 9. exd6 Bf5 10. Qe2 Qxd6 11. Nb5 Qb8 12. Nbd4 Bg7 13. Nxf5 gxf5 14. g3
O-O 15. Bg2 e6 16. O-O Qc7 17. c3 Qe7 18. Bg5 Bf6 19. Bxf6 Qxf6 20. Rfe1 Rfd8
21. Ne5 Nxe5 22. Qxe5 Qxe5 23. Rxe5 Rd7 24. b3 Rc8 25. c4 Rcc7 26. Kf1 Kg7 27.
Ke2 a6 28. c5 Kf6 29. f4 Nd5 30. Bxd5 exd5 31. Rc1 a5 32. a3 b6 33. b4 axb4 34.
axb4 bxc5 35. Rxc5 Rxc5 36. bxc5 Re7 37. Re3 Re4 38. Kd2 Rc4 39. Rc3 Ke6 40.
Rxc4 dxc4 1/2-1/2

[Event "Open de Fenain 2009"]
[Site "?"]
[Date "2009.02.24"]
[Round "6.2"]
[White "Bakalarz, Mietek"]
[Black "Fell, Fabian"]
[Result "1-0"]
[WhiteElo "2326"]
[BlackElo "1331"]
[PlyCount "77"]
[EventDate "2009.02.26"]
[SourceDate "2009.03.09"]

1. c4 e5 2. g3 Nf6 3. Bg2 Bc5 4. Nc3 d6 5. e3 Nc6 6. Nge2 Bf5 7. d4 Bb6 8. O-O
Qc8 9. b4 a6 10. c5 dxc5 11. bxc5 Ba5 12. d5 Bxc3 13. dxc6 Be4 14. Nxc3 Bxg2
15. Kxg2 bxc6 16. e4 O-O 17. Bg5 Nd7 18. Qa4 Nxc5 19. Qxc6 Ne6 20. Nd5 Qe8 21.
Be3 Qxc6 22. Ne7+ Kh8 23. Nxc6 f6 24. a4 Nd8 25. Rac1 Nxc6 26. Rxc6 Rfb8 27.
Rd1 Rb4 28. Rxa6 Rc8 29. f3 c5 30. Bxc5 Rb2+ 31. Kh3 h6 32. Rd5 Rc2 33. Be3
R2c3 34. Bxh6 gxh6 35. Rxf6 Kg7 36. Rf5 Re8 37. Kg4 Re6 38. Rdxe5 Rxe5 39. Rxe5
1-0

[Event "Open de Fenain 2009"]
[Site "?"]
[Date "2009.02.24"]
[Round "6.3"]
[White "Trannoy, Arthur"]
[Black "Soyez, Cyril"]
[Result "0-1"]
[WhiteElo "1873"]
[BlackElo "2238"]
[PlyCount "52"]
[EventDate "2009.02.26"]
[SourceDate "2009.03.09"]

1. e4 c5 2. Nf3 g6 3. d4 cxd4 4. Nxd4 Bg7 5. Be3 Nc6 6. Nc3 Nf6 7. Bc4 d6 8. f3
O-O 9. Qd2 Bd7 10. O-O-O Qa5 11. Bb3 Rfc8 12. h4 Ne5 13. Kb1 Nc4 14. Bxc4 Rxc4
15. Nb3 Qc7 16. g4 Be6 17. h5 a5 18. Bh6 Bh8 19. Qh2 Rxc3 20. bxc3 Nxe4 21.
fxe4 Qxc3 22. Bc1 Bxb3 23. cxb3 Qa1+ 24. Kc2 Be5 25. Qh3 Rc8+ 26. Kd2 Rc3 0-1

[Event "Open de Fenain 2009"]
[Site "?"]
[Date "2009.02.24"]
[Round "6.4"]
[White "Lechelle, William"]
[Black "Lebret, Jean Mivhel"]
[Result "1-0"]
[WhiteElo "1913"]
[BlackElo "2167"]
[PlyCount "105"]
[EventDate "2009.02.26"]
[SourceDate "2009.03.09"]

1. c4 e6 2. g3 d5 3. cxd5 exd5 4. Bg2 Nf6 5. Nf3 c5 6. d4 Nc6 7. dxc5 Bxc5 8.
O-O O-O 9. b3 Ne4 10. Bb2 Qb6 11. Qe1 Bg4 12. Nc3 Nxc3 13. Qxc3 d4 14. Qc4 Rac8
15. Rac1 Nb4 16. Bxd4 Bxd4 17. Qxd4 Nxa2 18. Rxc8 Bxc8 19. Qxb6 axb6 20. e3 Be6
21. Nd4 Rc8 22. Bxb7 Rc3 23. Ra1 Rc1+ 24. Rxc1 Nxc1 25. b4 Bc4 26. Kg2 Na2 27.
b5 Nc3 28. Bc6 Kf8 29. f4 g6 30. e4 f6 31. Kf3 Ke7 32. e5 g5 33. h4 h6 34. hxg5
hxg5 35. Ke3 fxe5 36. fxe5 Kf7 37. Kf3 Kg6 38. Be8+ Kh6 39. Kg4 Bd3 40. Nf5+
Kh7 41. Kxg5 Nxb5 42. Bg6+ Kh8 43. Nd6 Bxg6 44. Kxg6 Nd4 45. Kf6 Kh7 46. e6
Nxe6 47. Kxe6 Kg6 48. Ne4 b5 49. Kd5 b4 50. Kc4 Kf5 51. Nf2 Ke5 52. Kxb4 Kd4
53. g4 1-0

[Event "Open de Fenain 2009"]
[Site "?"]
[Date "2009.02.24"]
[Round "6.5"]
[White "Regniez, Jérémy"]
[Black "Van De Wynkele, Eric"]
[Result "0-1"]
[WhiteElo "1740"]
[BlackElo "2111"]
[PlyCount "94"]
[EventDate "2009.02.26"]
[SourceDate "2009.03.09"]

1. d4 f5 2. Bg5 h6 3. Bh4 g5 4. e4 Bg7 5. Qh5+ Kf8 6. Bc4 e6 7. exf5 gxh4 8.
fxe6 dxe6 9. Nf3 Nc6 10. Nxh4 Bxd4 11. c3 Qg5 12. Qxg5 hxg5 13. Ng6+ Kf7 14.
Nxh8+ Bxh8 15. O-O Ne5 16. Be2 Ng6 17. Nd2 Nf4 18. Bc4 Nf6 19. Nf3 Ne4 20. Rae1
Nd6 21. Nxg5+ Kf6 22. Ne4+ Nxe4 23. Rxe4 Kf5 24. Re3 Bd7 25. Rd1 Bc6 26. g3 Rg8
27. Kf1 Nd5 28. Bd3+ Kf6 29. Ree1 Rf8 30. Be4 Rf7 31. c4 Ne7 32. Bxc6 Nxc6 33.
Re3 Ne5 34. b3 Ke7 35. Rde1 Nf3 36. Rxe6+ Kd7 37. R1e3 Nxh2+ 38. Kg2 Ng4 39.
Rf3 Kxe6 40. Rxf7 Kxf7 41. Kf3 Ne5+ 42. Ke4 Ke6 43. f4 Ng4 44. f5+ Kf6 45. Kf4
Ne5 46. g4 Nf7 47. c5 Bg7 0-1

[Event "Open de Fenain 2009"]
[Site "?"]
[Date "2009.02.24"]
[Round "6.6"]
[White "Urbaniak, Patrick"]
[Black "Deveque, Guillaume"]
[Result "0-1"]
[WhiteElo "1987"]
[BlackElo "1870"]
[PlyCount "114"]
[EventDate "2009.02.26"]
[SourceDate "2009.03.11"]

1. c4 e5 2. Nc3 Nf6 3. g3 c6 4. Bg2 d6 5. Nf3 Bf5 6. O-O Nbd7 7. d4 Qc7 8. Nh4
Bg6 9. d5 Rc8 10. Nxg6 hxg6 11. dxc6 bxc6 12. b4 d5 13. c5 Rb8 14. a3 Be7 15.
Bg5 e4 16. Bf4 Ne5 17. Qd4 Nfg4 18. h3 g5 19. hxg4 gxf4 20. gxf4 Bf6 21. Nxd5
cxd5 22. Qxd5 Nxg4 23. Qxe4+ Qe7 24. Rab1 Qxe4 25. Bxe4 Kd8 26. c6 Kc7 27. Rfd1
Rhd8 28. Bf5 Nh6 29. Bd7 Be7 30. Rd5 Ng8 31. Ra5 Ra8 32. b5 Bc5 33. Ra4 Nf6 34.
Rc4 Bxa3 35. Ra1 Bd6 36. Rca4 Bc5 37. Rc1 Bb6 38. Rd1 Nxd7 39. cxd7 Rxd7 40.
Rc4+ Kd8 41. Rdc1 Rc7 42. Rd1+ Kc8 43. Re4 Kb7 44. Rd5 Rac8 45. Kg2 Rc5 46.
Ree5 Rxd5 47. Rxd5 Bc5 48. e4 Kb6 49. e5 Rc7 50. f5 Kxb5 51. f4 a5 52. Kf3 a4
53. Ke4 Kc4 54. Rd1 Ra7 55. e6 a3 56. exf7 Rxf7 57. Ke5 Re7# 0-1